000 003250000a22001450004500
003 LK-CoMWRAF
008 230817t ||||| |||| 00| 0 eng d
040 _aLK-CoMWRAF
_dLK-CoMWRAF
_eLK-CoMWRAF
041 _aeng
082 _a800
_bEMB
245 _aEmbroidery
_b
260 _bDhingra
_aIndia
_c
490 _a01
942 _cBK
999 _c1284
_d1284